| 000 | 02684cam a22006254i 4500 | ||
|---|---|---|---|
| 003 | PE-LiUPU | ||
| 005 | 20250731184545.0 | ||
| 008 | 150625s1984 sp r 000 0 spa d | ||
| 035 | _a(Sirsi) a30856 | ||
| 040 |
_aPE-LiUPU _bspa _cPE-LiUPU _dPE-LiUPU _erda |
||
| 049 | _aPRUA | ||
| 082 | 0 | 4 |
_a930 _bBCG |
| 100 | 1 |
_aHerodoto, _eautor. |
|
| 245 | 1 | 0 |
_aHistoria / _cHerodoto. |
| 264 | 1 |
_aMadrid : _bCóndor, _c1984. |
|
| 300 |
_a4 tomos ; _c20 centímetros |
||
| 336 |
_atext _2rdacontent |
||
| 337 |
_aunmediated _2rdamedia |
||
| 338 |
_avolume _2rdacarrier |
||
| 505 | 0 |
_aTomo 1; _cHistoria. _aLibro I-II. |
|
| 505 | 0 |
_aTomo 2; _cHistoria. _aLibro III-IV. |
|
| 505 | 0 |
_aTomo 3; _cHistoria. _aLibro V-VI. |
|
| 505 | 0 |
_aTomo 4; _cHistoria. _aLibro VII. |
|
| 526 | _aP136 | ||
| 526 | _aP135 | ||
| 526 | _aP134 | ||
| 526 | _aP133 | ||
| 526 | _aP144 | ||
| 526 | _aP143 | ||
| 526 | _aP87 | ||
| 526 | _aP35 | ||
| 526 | _aP20 | ||
| 526 | _aP14 | ||
| 526 | _aP10 | ||
| 526 | _aP06 | ||
| 650 | 0 | 4 | _aHistoria antigua. |
| 650 | 0 | 4 |
_aGrecia _vHistoria. |
| 910 |
_abgr _bncf _cncf _d20190909 |
||
| 596 | _a1 | ||
| 942 |
_2ddc _cBOOK |
||
| 999 |
_a930 BCG 1 _wDEWEY _c38345 _i28038 _f2021-11-8 _g6 _lCCODEBUL1 _mBUL _p10.00 _r0 _sY _tBOOK _u2015-6-25 _xBIBLIOTECA _zUNKNOWN _0COMPRA _o.STAFF. Colección General _d38345 |
||
| 999 |
_a930 BCG 1 _wDEWEY _c7 _i21580 _d2019-6-26 _e2017-4-2 _f2021-11-8 _g6 _lCCODEBUL1 _mBUL _n1 _p10.00 _q1 _r0 _sY _tBOOK _u2015-6-25 _xBIBLIOTECA _zUNKNOWN _0COMPRA _o.STAFF. Colección General |
||
| 999 |
_a930 BCG 2 _wDEWEY _c1 _i21581 _f2021-11-8 _g3 _lCCODEBUL1 _mBUL _p10.00 _r0 _sY _tBOOK _u2019-9-9 _xBIBLIOTECA _zUNKNOWN _0COMPRA _o.STAFF. Colección General |
||
| 999 |
_a930 BCG 2 _wDEWEY _c2 _i28039 _f2021-11-8 _g3 _lCCODEBUL1 _mBUL _p10.00 _r0 _sY _tBOOK _u2019-9-9 _xBIBLIOTECA _zUNKNOWN _0COMPRA _o.STAFF. Colección Ciencias Humanas y Educación |
||
| 999 |
_a930 BCG 3 _wDEWEY _c1 _i21582 _f2021-11-8 _g3 _lCCODEBUL1 _mBUL _p10.00 _r0 _sY _tBOOK _u2019-9-9 _xBIBLIOTECA _zUNKNOWN _0COMPRA _o.STAFF. Colección General |
||
| 999 |
_a930 BCG 3 _wDEWEY _c2 _i28040 _f2021-11-8 _g3 _lCCODEBUL1 _mBUL _p10.00 _r0 _sY _tBOOK _u2019-9-9 _xBIBLIOTECA _zUNKNOWN _0COMPRA _o.STAFF. Colección General |
||
| 999 |
_a930 BCG 4 _wDEWEY _c1 _i28041 _f2021-11-8 _g3 _lCCODEBUL1 _mBUL _p10.00 _r0 _sY _tBOOK _u2019-9-9 _xBIBLIOTECA _zUNKNOWN _0COMPRA _o.STAFF. Colección General |
||
| 980 |
_81 _gALBERTO SANCHEZ Responsable de Automatización |
||